| 000 | 00678nam a22001817a 4500 | ||
|---|---|---|---|
| 003 | BD-DhUL | ||
| 005 | 20161101100936.0 | ||
| 008 | 160125s1931 ii |||| |||| 00| 0 ben | ||
| 040 |
_aBD-DhUL _cBD-DhUL |
||
| 082 |
_a891.449 _bROS |
||
| 100 | 1 | _aসতীশচন্দ্র রায় | |
| 245 | 1 | 0 |
_aশ্রীপদকল্পতরু : _bখন্ড ৫ / _cসতীশচন্দ্র রায় |
| 260 |
_aকলিকাতা: _bবঙ্গীয় সাহিত্য পরিষৎ, _c১৯৩১. |
||
| 300 |
_aখ. : _c২৪ সেমি. |
||
| 650 | 0 | _aসংস্কৃত কাব্য | |
| 650 | 0 | _aSanskrit poetry | |
| 942 |
_2ddc _cBK |
||
| 999 |
_c118527 _d118527 |
||